[Event "O pohár města Říčany 2017"]
[Site "Kulturni centrum Labut, 17. Listopadu 214 25101 Ricany"]
[Date "2017.08.31"]
[Round "7.35"]
[White "Hejsek, Lukas"]
[Black "Nemecek, Lukas"]
[Result "0-1"]
[WhiteElo "1683"]
[BlackElo "1632"]
[PlyCount "0"]
[EventDate "2017.08.26"]

1. e4 c5 2. b3 Nc6 3. Bb2 e5 4. Nf3 d6 5. Be2 g6 6. O-O Bg7 7. d3 Nge7 8. c3
Qb6 9. Na3 Be6 10. Nc2 f5 11. Ng5 Bd7 12. Ne3 O-O 13. Nc4 Qc7 14. Nd2 b6 15. b4
Nd8 16. Rc1 Qb7 17. Qb3+ Kh8 18. Bf3 f4 19. Nc4 Qb8 20. Be2 h6 21. Nf3 Be6
22. Qd1 g5 23. d4 Bxc4 24. Bxc4 b5 25. Be2 c4 26. dxe5 dxe5 27. Ne1 Ne6 28. Qd7
Qc8 29. Qxe7 Bf6 30. Qd6 Rd8 31. Rd1 Rxd6 32. Rxd6 Qg8 33. Bg4 Re8 34. Nf3 Kg7
35. Bf5 Nc7 36. Rd7+ Re7 37. Rfd1 Ne8 38. Nxe5 h5 39. Ng6 Rxd7 40. Rxd7+ Kh6
41. Nf8 Ng7 42. Nh7 Be5 43. Rxa7 Nxf5 44. exf5 Qd8 45. h3 Bg7 46. f6 Bxf6
47. Nxf6 Qxf6 48. Ra5 Qb6 49. a3 Kg6 50. a4 bxa4 51. Rxa4 g4 52. hxg4 hxg4
53. Ra5 g3 54. Rc5 Qd6 0-1

[Event "O pohár města Říčany 2017"]
[Site "Kulturni centrum Labut, 17. Listopadu 214 25101 Ricany"]
[Date "2017.08.31"]
[Round "7.37"]
[White "Hampel, Rudolf"]
[Black "Straka, Jaroslav"]
[Result "1-0"]
[WhiteElo "1772"]
[BlackElo "1897"]
[PlyCount "0"]
[EventDate "2017.08.26"]

1. e4 e6 2. d4 d5 3. Nd2 a6 4. Bd3 c5 5. c3 Nc6 6. Ne2 Nf6 7. e5 Nd7 8. O-O b5
9. f4 Bb7 10. f5 Qb6 11. fxe6 fxe6 12. Nf4 O-O-O 13. Nxe6 Re8 14. Nxf8 Rhxf8
15. Bf5 cxd4 16. e6 dxc3+ 17. Kh1 Kb8 18. exd7 Re5 19. Bd3 Rxf1+ 20. Nxf1 cxb2
21. Bxb2 Re7 22. Bf5 g6 23. Bh3 Nd8 24. Rc1 Bc6 25. Qc2 Qc7 26. Bf6 1-0

[Event "O pohár města Říčany 2017"]
[Site "Kulturni centrum Labut, 17. Listopadu 214 25101 Ricany"]
[Date "2017.09.01"]
[Round "8.1"]
[White "Petr, Jakub"]
[Black "Pulpan, Jakub"]
[Result "1/2-1/2"]
[WhiteElo "2046"]
[BlackElo "2390"]
[PlyCount "0"]
[EventDate "2017.08.26"]

1. e4 c5 2. Nf3 d6 3. d4 cxd4 4. Nxd4 Nf6 5. Nc3 a6 6. Bg5 e6 7. f4 h6 8. Bh4
Qb6 9. Qd2 Qxb2 10. Rb1 Qa3 11. e5 dxe5 12. fxe5 Nfd7 13. Ne4 Qxa2 14. Rd1 Qd5
15. Qe3 Qxe5 16. Be2 Bc5 17. Bg3 Qd5 18. c4 Bxd4 19. Rxd4 Qa5+ 20. Rd2 O-O
21. Bd6 f5 22. Bxf8 Nxf8 23. Nd6 Nbd7 24. g4 Qa1+ 25. Rd1 Qa5+ 26. Rd2 Nf6
27. Rg1 f4 28. Qxf4 e5 29. Qe3 Ne6 30. g5 hxg5 31. h4 g4 32. Bxg4 Qa1+ 33. Kf2
Nxg4+ 34. Rxg4 Bd7 35. Nf5 Rf8 36. Rxd7 Rxf5+ 37. Kg3 Rf1 38. Qe4 Qc3+ 39. Kg2
Rf4 40. Rxf4 Nxf4+ 41. Kf2 Qb2+ 42. Kf1 Qc1+ 43. Kf2 1/2-1/2

[Event "O pohár města Říčany 2017"]
[Site "Kulturni centrum Labut, 17. Listopadu 214 25101 Ricany"]
[Date "2017.09.01"]
[Round "8.2"]
[White "Gregor, Jiri"]
[Black "Novotny, Michal"]
[Result "0-1"]
[WhiteElo "2210"]
[BlackElo "2257"]
[PlyCount "0"]
[EventDate "2017.08.26"]

1. d4 Nf6 2. c4 e6 3. Nf3 d5 4. Nc3 Bb4 5. Qa4+ Nc6 6. e3 O-O 7. Bd2 Re8 8. Rc1
a6 9. a3 Bf8 10. Qc2 h6 11. h3 dxc4 12. Bxc4 Bd6 13. Be2 e5 14. d5 Ne7 15. e4
Ng6 16. g3 Nh7 17. Kf1 Qf6 18. Kg2 Ne7 19. Be3 g5 20. Nd2 b5 21. b4 Qg6 22. Qd1
Nf6 23. f3 Nh5 24. g4 Nf4+ 25. Kf2 Qf6 26. Nf1 Neg6 27. Ng3 Nh4 28. Rh2 Bd7
29. Nf5 Reb8 30. Bc5 a5 31. Qd2 axb4 32. axb4 Ra3 33. Bd1 Rba8 34. Nxh4 gxh4
35. Be2 Bxc5+ 36. bxc5 b4 37. Nd1 Nxe2 38. Kxe2 Qxf3+ 39. Ke1 Bb5 40. Qxb4 Qg3+
41. Rf2 Qg1+ 42. Kd2 Rd3+ 0-1

[Event "O pohár města Říčany 2017"]
[Site "Kulturni centrum Labut, 17. Listopadu 214 25101 Ricany"]
[Date "2017.09.01"]
[Round "8.3"]
[White "Hrdina, Robin"]
[Black "Vojta, Tomas"]
[Result "0-1"]
[WhiteElo "2151"]
[BlackElo "2363"]
[PlyCount "0"]
[EventDate "2017.08.26"]

1. e4 d5 2. exd5 Qxd5 3. Nc3 Qd6 4. d4 Nf6 5. Nf3 a6 6. g3 Bg4 7. Bg2 Nc6
8. O-O e6 9. Bf4 Qb4 10. a3 Qxb2 11. Qd2 Bxf3 12. Rfb1 Qxa1 13. Rxa1 Bxg2
14. Kxg2 O-O-O 15. Be3 e5 16. d5 Ne7 17. Qe2 Nexd5 18. Nxd5 Rxd5 19. c4 Rd7
20. Qb2 Ng4 21. Rb1 c6 22. Bb6 Bd6 23. Ba5 Re8 24. Rd1 Nf6 25. Rxd6 Rxd6 26. Qb6
Rd7 27. Qa7 Rc7 28. Bxc7 Kxc7 29. Qe3 h6 30. h3 Nd7 31. Qe4 f6 32. Qe3 b6
33. Qe4 Re7 34. Qh7 Nc5 35. Qg8 Kb7 36. h4 b5 37. cxb5 cxb5 38. g4 Kb6 39. g5
hxg5 40. hxg5 b4 {partiar je chybne zapsany} 0-1

[Event "O pohár města Říčany 2017"]
[Site "Kulturni centrum Labut, 17. Listopadu 214 25101 Ricany"]
[Date "2017.09.01"]
[Round "8.4"]
[White "Skalicky, Tomas"]
[Black "Zeman, Matyas"]
[Result "1/2-1/2"]
[WhiteElo "2165"]
[BlackElo "2168"]
[PlyCount "0"]
[EventDate "2017.08.26"]

1. d4 d5 2. c4 c6 3. Nf3 e6 4. e3 Nf6 5. Nc3 Nbd7 6. Qc2 Bd6 7. Bd3 dxc4
8. Bxc4 O-O 9. O-O e5 10. Bb3 Qc7 11. h3 exd4 12. exd4 h6 13. Be3 Nb6 14. Rac1
Bd7 15. Bxh6 Bf4 16. Ng5 Bxg5 17. Bxg5 Qd6 18. Ne4 Nxe4 19. Qxe4 Nd5 20. Bc2 f5
21. Qd3 Qg6 22. h4 Qh5 23. Bd1 Qf7 24. Bb3 Rae8 25. Rce1 Rxe1 26. Rxe1 Re8
27. Rxe8+ Qxe8 28. Kf1 Qf7 29. Qe2 Be6 30. Qe5 Nc7 31. Bxe6 Nxe6 32. Bd2 Nc7
33. b3 a6 34. h5 Nd5 35. h6 gxh6 36. Bxh6 Kh7 37. Bg5 f4 38. Qe4+ Kg8 39. Ke1
Kg7 40. Kd2 Qf8 41. Qe5+ Kg6 42. Bh4 Qb4+ 43. Ke2 Qb5+ 44. Ke1 Qd3 45. Qe8+ Kg7
46. Qd7+ Kg6 47. Qg4+ Kf7 48. Qh5+ Kf8 49. Qh8+ Kf7 50. Qh5+ Kf8 51. Qh8+
1/2-1/2

[Event "O pohár města Říčany 2017"]
[Site "Kulturni centrum Labut, 17. Listopadu 214 25101 Ricany"]
[Date "2017.09.01"]
[Round "8.5"]
[White "Kulhanek, Tomas"]
[Black "Hadzala, Daniel"]
[Result "1-0"]
[WhiteElo "2324"]
[BlackElo "2116"]
[PlyCount "0"]
[EventDate "2017.08.26"]

1. e4 d6 2. d4 Nf6 3. Nc3 c6 4. f4 Qa5 5. Bd3 e5 6. Nf3 Nbd7 7. Qe2 Be7 8. Bd2
Qc7 9. O-O exd4 10. Nxd4 Nc5 11. Kh1 Nxd3 12. cxd3 O-O 13. f5 Nd7 14. Rac1 Re8
15. Nd5 Qd8 16. Rxc6 Nc5 17. b4 Bf6 18. bxc5 bxc6 19. Nxc6 Qd7 20. Nxf6+ gxf6
21. Qg4+ Kh8 22. Qh4 1-0

[Event "O pohár města Říčany 2017"]
[Site "Kulturni centrum Labut, 17. Listopadu 214 25101 Ricany"]
[Date "2017.09.01"]
[Round "8.6"]
[White "Slovak, Kilian"]
[Black "Svatos, Jan"]
[Result "1-0"]
[WhiteElo "2101"]
[BlackElo "2310"]
[PlyCount "0"]
[EventDate "2017.08.26"]

1. e4 e6 2. d4 d5 3. Nc3 Bb4 4. e5 c5 5. a3 Bxc3+ 6. bxc3 Ne7 7. a4 Qa5 8. Qd2
b6 9. Bb5+ Bd7 10. Bd3 O-O 11. Nf3 c4 12. Be2 Bxa4 13. Ba3 Nbc6 14. O-O b5
15. h4 f6 16. exf6 Rxf6 17. Ne5 Qc7 18. f4 Nf5 19. g4 Nxh4 20. g5 Rf5 21. Bg4
Nxe5 22. fxe5 Qf7 23. Bxf5 Nxf5 24. Rf2 a5 25. Bc5 Rb8 26. Qf4 Qd7 27. Rb1 Rb7
28. Qd2 Qe8 29. Rbf1 Qg6 30. Rg2 Rb8 31. Qc1 b4 32. Qa1 Ne3 33. Qxa4 Nxg2
34. Kxg2 Qxg5+ 35. Kh2 Qh5+ 36. Kg2 Qg6+ 37. Kh1 b3 38. cxb3 cxb3 39. Qa1 Qe4+
40. Kg1 b2 41. Qxb2 Qe3+ 42. Qf2 Qg5+ 43. Qg2 Qe3+ 44. Kh1 Qxc3 45. Qg4 Qd3
46. Qxe6+ Kh8 47. Qf5 Qxf5 48. Rxf5 1-0

[Event "O pohár města Říčany 2017"]
[Site "Kulturni centrum Labut, 17. Listopadu 214 25101 Ricany"]
[Date "2017.09.01"]
[Round "8.7"]
[White "Hollan, Martin"]
[Black "Krivanek, Vladimir"]
[Result "0-1"]
[WhiteElo "2233"]
[BlackElo "2107"]
[PlyCount "0"]
[EventDate "2017.08.26"]

1. e4 e6 2. d4 d5 3. Nd2 a6 4. Ngf3 Nf6 5. e5 Nfd7 6. Bd3 c5 7. c3 Nc6 8. O-O
Be7 9. Re1 Qb6 10. dxc5 Bxc5 11. Qe2 Be7 12. Nf1 Qc7 13. Ng3 h6 14. Bd2 b5
15. b4 Nb6 16. Nh5 g6 17. Nf6+ Kf8 18. Qe3 Bxf6 19. exf6 Nd7 20. a4 bxa4 21. c4
dxc4 22. Bxc4 Bb7 23. Rac1 Qb6 24. Qa3 Nd4 25. b5+ Kg8 26. Be3 Nxf3+ 27. gxf3
Qd8 28. Red1 Bxf3 29. Bb6 Qxf6 30. Rxd7 axb5 31. Bd4 Qg5+ 32. Kf1 bxc4 33. Qxf3
Qxc1+ 34. Kg2 Rf8 35. h4 Rh7 36. Qf6 Qa3 37. Be5 Qc5 38. Kg1 Qc8 39. Rc7 Qd8
40. Qf3 f6 41. Rxh7 Kxh7 0-1

[Event "O pohár města Říčany 2017"]
[Site "Kulturni centrum Labut, 17. Listopadu 214 25101 Ricany"]
[Date "2017.09.01"]
[Round "8.8"]
[White "Haba, Zdenek"]
[Black "Skalsky, Alexandr"]
[Result "1-0"]
[WhiteElo "2207"]
[BlackElo "2105"]
[PlyCount "0"]
[EventDate "2017.08.26"]

1. d4 Nf6 2. c4 g6 3. Nc3 d5 4. cxd5 Nxd5 5. e4 Nxc3 6. bxc3 Bg7 7. Nf3 c5
8. Rb1 O-O 9. Be2 Nc6 10. d5 Ne5 11. Nxe5 Bxe5 12. Qd2 e6 13. f4 Bc7 14. O-O
exd5 15. exd5 Ba5 16. d6 Rb8 17. Ba3 Bf5 18. Rbd1 Rc8 19. g4 Bd7 20. h3 Qh4
21. Kh2 Rfe8 22. Bf3 b5 23. Bb2 c4 24. f5 g5 25. Bc1 h6 26. Rde1 Rxe1 27. Rxe1
Bb6 28. Re2 Bc5 29. Kg2 Re8 30. Rxe8+ Bxe8 31. Qe2 Bxd6 32. Qxe8+ Kg7 33. Qe2
Qg3+ 34. Kf1 Qxh3+ 35. Ke1 Qg3+ 36. Kd1 Qg1+ 37. Kc2 Qc5 38. Be3 Qa3 39. Bd4+
Kh7 40. Kb1 Bf4 41. Qb2 Qe7 42. Qe2 Qa3 43. Qc2 a5 44. f6+ Kh8 45. Qb2 Qd6
46. Qe2 Qd7 47. Qe7 Qe6 48. Qf8+ 1-0

[Event "O pohár města Říčany 2017"]
[Site "Kulturni centrum Labut, 17. Listopadu 214 25101 Ricany"]
[Date "2017.09.01"]
[Round "8.9"]
[White "Nemecek, Pavel"]
[Black "Anaskin, Arsenij"]
[Result "0-1"]
[WhiteElo "1750"]
[BlackElo "2188"]
[PlyCount "0"]
[EventDate "2017.08.26"]

1. e4 d6 2. d4 Nf6 3. Nc3 Nbd7 4. Nf3 e5 5. Be2 Be7 6. O-O O-O 7. h3 c6 8. a4
b6 9. b4 a6 10. Rb1 Bb7 11. Be3 b5 12. Qd2 Re8 13. dxe5 dxe5 14. Bd3 Qc7 15. Nh2
a5 16. bxa5 b4 17. Na2 c5 18. c3 c4 19. Bxc4 Qxc4 20. cxb4 Bxe4 21. Rfc1 Qd5
22. f3 Qxd2 23. Bxd2 Bd5 24. Ra1 Rec8 25. Rd1 Rc2 26. Nc3 Bxb4 27. Nxd5 Bxd2
28. Nb6 Nxb6 29. axb6 Be3+ 0-1

[Event "O pohár města Říčany 2017"]
[Site "Kulturni centrum Labut, 17. Listopadu 214 25101 Ricany"]
[Date "2017.09.01"]
[Round "8.10"]
[White "Kaplan, Daniel"]
[Black "Husek, Martin"]
[Result "1/2-1/2"]
[WhiteElo "2057"]
[BlackElo "2148"]
[PlyCount "0"]
[EventDate "2017.08.26"]

1. d4 Nf6 2. Bg5 e6 3. Nf3 c5 4. e3 h6 5. Bh4 b6 6. Nbd2 Bb7 7. c3 Nc6 8. Ne4
Be7 9. Bxf6 gxf6 10. dxc5 bxc5 11. Nd6+ Bxd6 12. Qxd6 Qb6 13. Nd2 Na5 14. Qxb6
axb6 15. f3 d5 16. Bd3 Ke7 17. Kf2 Nc6 18. a3 Ne5 19. Bc2 Ba6 20. Rac1 f5 21. g3
Rhd8 22. Rhd1 Ra7 23. h3 d4 24. exd4 cxd4 25. cxd4 Rxd4 26. f4 Rad7 27. fxe5
Rxd2+ 28. Ke3 Re2+ 29. Kf4 Rf2+ 30. Ke3 Re2+ 31. Kf4 Rxd1 32. Bxd1 Re4+ 33. Kf3
Rxe5 34. Rc7+ Kf6 35. Ra7 Bb5 36. Kf2 Rd5 37. Bh5 Rd7 38. Rxd7 Bxd7 39. Bd1 Ke5
40. a4 Kd4 41. b4 Kc4 42. a5 b5 43. a6 e5 44. Bf3 e4 45. Bh5 Kxb4 46. Bxf7 Kc5
47. a7 Bc6 48. Ke3 Kb6 49. Bg6 Kxa7 50. Bxf5 Kb6 51. Bxe4 Bxe4 52. Kxe4 Kc5
53. Kd3 Kd5 54. g4 Ke5 55. h4 Kf4 56. g5 hxg5 57. hxg5 Kxg5 58. Kc3 1/2-1/2

[Event "O pohár města Říčany 2017"]
[Site "Kulturni centrum Labut, 17. Listopadu 214 25101 Ricany"]
[Date "2017.09.01"]
[Round "8.11"]
[White "Rut, Vojtech"]
[Black "Mladek, Richard"]
[Result "1/2-1/2"]
[WhiteElo "2140"]
[BlackElo "2160"]
[PlyCount "0"]
[EventDate "2017.08.26"]

1. d4 Nf6 2. Nc3 d5 3. Bg5 Nbd7 4. Qd3 g6 5. f3 Bg7 6. e4 dxe4 7. fxe4 O-O
8. Nf3 h6 9. Bf4 Nh5 10. g3 c5 11. d5 g5 12. Be3 Qb6 13. O-O-O Qd6 14. Nb5 Qf6
15. c3 a6 16. Nc7 Rb8 17. d6 exd6 18. Be2 Qg6 19. Rhf1 Ndf6 20. e5 Ne4 21. exd6
Bh3 22. Nd5 Kh8 23. Ne7 Qe6 24. Rfe1 Nhf6 25. Qc4 Rfd8 26. Qxe6 Bxe6 27. Ne5
Rxd6 28. Rxd6 Nxd6 29. Bxc5 Nfe4 30. Bxd6 Nxd6 31. Bd3 Re8 32. N5g6+ fxg6
33. Rxe6 Rd8 34. Kc2 Rd7 35. Bxg6 Bf8 36. Nf5 Nxf5 37. Bxf5 Rf7 38. g4 Re7
39. Rxe7 Bxe7 40. Bc8 b6 41. Bxa6 Kg7 42. Kd3 Kf6 43. Ke4 Bc5 44. Kd5 Bg1 45. h3
Bc5 46. b4 Be3 47. c4 Ke7 48. c5 Kd7 49. c6+ Kc7 50. b5 Bd2 51. Ke6 Be1 52. Kf6
Bg3 53. Kg6 Kd8 54. Kxh6 Bh4 55. Kh5 Kc7 56. a4 Kb8 57. a5 Kc7 58. axb6+ Kxb6
59. Kg6 Kc7 60. Kf5 Kb6 61. Bb7 Kc7 62. Kf6 Kb6 63. Ba8 Kc7 64. Bb7 Kb6 65. Ke6
Kc7 66. Kd5 Bg3 67. Kc4 Bf2 68. Kb4 Bg3 69. Ka5 Bf2 70. Ka6 Bd4 71. Ba8 Be3
72. Bb7 Bd4 73. Bc8 Kxc8 74. b6 Kb8 75. c7+ Kc8 76. Ka7 1/2-1/2

[Event "O pohár města Říčany 2017"]
[Site "Kulturni centrum Labut, 17. Listopadu 214 25101 Ricany"]
[Date "2017.09.01"]
[Round "8.12"]
[White "Kunc, Jan"]
[Black "Rastocny, Josef"]
[Result "1/2-1/2"]
[WhiteElo "1937"]
[BlackElo "2008"]
[PlyCount "0"]
[EventDate "2017.08.26"]

1. e4 e6 2. d3 d5 3. Nd2 c5 4. Ngf3 Nf6 5. g3 Nc6 6. Bg2 Be7 7. O-O b6 8. Re1
Bb7 9. c3 Qc7 10. Qe2 O-O 11. e5 Nd7 12. h4 b5 13. Nf1 d4 14. Bf4 dxc3 15. bxc3
Nb6 16. Ne3 Rad8 17. Rad1 b4 18. cxb4 Nxb4 19. Nc4 N4d5 20. Bd2 Nb4 21. Bg5 Nxc4
22. dxc4 h6 23. Bxe7 Qxe7 24. a3 Nc6 25. Qe3 Ba6 26. Qf4 Rxd1 27. Rxd1 Rd8
28. Rd6 Qc7 29. Bf1 1/2-1/2

[Event "O pohár města Říčany 2017"]
[Site "Kulturni centrum Labut, 17. Listopadu 214 25101 Ricany"]
[Date "2017.09.01"]
[Round "8.13"]
[White "Blumel, Otto"]
[Black "Vavrinec, Tomas"]
[Result "1/2-1/2"]
[WhiteElo "2002"]
[BlackElo "1960"]
[PlyCount "0"]
[EventDate "2017.08.26"]

1. e4 e6 2. d4 d5 3. f3 Nf6 4. Bg5 h6 5. Bh4 Be7 6. e5 Nfd7 7. Bxe7 Qxe7 8. Qd2
c5 9. f4 cxd4 10. Nf3 Nc5 11. Bb5+ Bd7 12. Na3 Bxb5 13. Nxb5 Ne4 14. Qxd4 Nc6
15. Qa4 O-O 16. c3 f6 17. O-O fxe5 18. fxe5 Rf5 19. Nbd4 Nxd4 1/2-1/2

[Event "O pohár města Říčany 2017"]
[Site "Kulturni centrum Labut, 17. Listopadu 214 25101 Ricany"]
[Date "2017.09.01"]
[Round "8.14"]
[White "Vojta, Jakub"]
[Black "Ludvik, Tomas"]
[Result "0-1"]
[WhiteElo "1930"]
[BlackElo "2095"]
[PlyCount "0"]
[EventDate "2017.08.26"]

1. e4 e6 2. d4 d5 3. Nc3 Bb4 4. exd5 exd5 5. Bd3 Nc6 6. a3 Bd6 7. Nb5 Nge7
8. Ne2 Bg4 9. f3 Bh5 10. O-O Bg6 11. Nxd6+ Qxd6 12. Bf4 Qd7 13. Qd2 f6 14. Rfe1
Bxd3 15. Qxd3 O-O-O 16. b4 Nf5 17. Reb1 g5 18. Bd2 g4 19. f4 Nd6 20. a4 Qf5
21. b5 Qxd3 22. cxd3 Ne7 23. Kf2 Nef5 24. Bb4 Rhe8 25. Re1 Kd7 26. Rac1 c6
27. bxc6+ bxc6 28. Bc5 Rb8 29. Rb1 a6 30. Nc3 Rxb1 31. Rxb1 Re3 32. Rd1 h5
33. Rd2 h4 34. Nd1 g3+ 35. hxg3 hxg3+ 36. Kf1 Re8 37. Re2 Rh8 38. Kg1 Rh4
39. Ne3 Rxf4 40. Nc2 Rh4 41. Nb4 Nxd4 42. Bxd4 Rxd4 43. Nxa6 Nf5 44. a5 Kd6
45. Ra2 Rxd3 46. Ra1 Rb3 47. Kf1 Ne3+ 48. Kg1 Rb2 49. Kh1 d4 0-1

[Event "O pohár města Říčany 2017"]
[Site "Kulturni centrum Labut, 17. Listopadu 214 25101 Ricany"]
[Date "2017.09.01"]
[Round "8.15"]
[White "Vystrcil, Martin"]
[Black "Pavlicek, Petr"]
[Result "1/2-1/2"]
[WhiteElo "2038"]
[BlackElo "1923"]
[PlyCount "0"]
[EventDate "2017.08.26"]

1. e4 e6 2. d4 d5 3. Nd2 dxe4 4. Nxe4 Bd7 5. Nf3 Bc6 6. Bd3 Nd7 7. O-O Ngf6
8. Nxf6+ Nxf6 9. c3 Be7 10. Re1 O-O 11. Ne5 Qd5 12. Nxc6 Qxc6 13. Qc2 Rfe8
14. f4 g6 15. Be3 Rad8 16. Be2 Qd7 17. Bf3 c6 18. g3 Nd5 19. Bf2 Bf6 20. Kg2 Qc7
21. Rad1 Kg7 22. Rd3 h5 23. Red1 Rh8 24. Qa4 a6 25. Qb3 b5 26. Qc2 Rc8 27. Rc1
Rhd8 28. Rdd1 Qd7 29. a4 Nb6 30. axb5 axb5 31. Ra1 Ra8 32. Rxa8 Rxa8 33. b3 Nd5
34. c4 bxc4 35. bxc4 Nb4 36. Qb3 Rb8 37. Qa4 Qc7 38. Be1 Be7 39. Bc3 Kg8 40. Rb1
c5 41. dxc5 Qxc5 42. Bxb4 Rxb4 1/2-1/2

[Event "O pohár města Říčany 2017"]
[Site "Kulturni centrum Labut, 17. Listopadu 214 25101 Ricany"]
[Date "2017.09.01"]
[Round "8.16"]
[White "Vlkova, Anezka"]
[Black "Steiner, Juraj"]
[Result "1-0"]
[WhiteElo "1914"]
[BlackElo "2022"]
[PlyCount "0"]
[EventDate "2017.08.26"]

1. e4 c5 2. Nc3 e6 3. g3 Nc6 4. Bg2 g6 5. d3 Bg7 6. Be3 d6 7. f4 Nge7 8. Nf3
O-O 9. O-O Rb8 10. g4 b5 11. d4 Qb6 12. dxc5 dxc5 13. Qe1 Nd4 14. Qf2 Bb7 15. e5
Rfd8 16. Rad1 Nec6 17. Ne4 Nxf3+ 18. Bxf3 Nd4 19. Bg2 Rbc8 20. c3 Nc6 21. Bxc5
Qa5 22. Nd6 Rxd6 23. Rxd6 Bf8 24. b4 Qc7 25. Rd3 Ne7 26. Bd6 Qd7 27. Bxb7 Qxb7
28. Bxe7 Bxe7 29. Rfd1 Rc7 30. f5 Qe4 31. Rd8+ Bf8 32. f6 Rc8 33. R1d4 Qb1+
34. Qf1 1-0

[Event "O pohár města Říčany 2017"]
[Site "Kulturni centrum Labut, 17. Listopadu 214 25101 Ricany"]
[Date "2017.09.01"]
[Round "8.17"]
[White "Cermak, Jan"]
[Black "Janacek, Jaroslav"]
[Result "0-1"]
[WhiteElo "1904"]
[BlackElo "2019"]
[PlyCount "0"]
[EventDate "2017.08.26"]

1. e4 c5 2. Nf3 g6 3. d4 cxd4 4. Nxd4 Nc6 5. Nc3 Bg7 6. Be3 Nf6 7. Be2 O-O
8. Bf3 Ne5 9. O-O d6 10. Rb1 a6 11. Nd5 Nfd7 12. Bg5 Re8 13. c3 Nc5 14. Qe2 f6
15. Be3 e6 16. Nf4 Bd7 17. Rfd1 Qe7 18. Nb3 Bb5 19. Qc2 Rad8 20. Nd4 Bd7 21. Be2
g5 22. Nd3 Ncxd3 23. Bxd3 b5 24. Be2 Rc8 25. Qb3 Nc4 26. Bxc4 Rxc4 27. f3 Rec8
28. Ne2 Be8 29. Qa3 Bf8 30. Rd4 Qb7 31. Qb3 Bf7 32. Qd1 d5 33. Rxc4 bxc4
34. exd5 e5 35. b4 Rd8 36. Ng3 Rxd5 37. Qe1 Bg6 38. Rd1 h6 39. Rxd5 Qxd5 40. Qd2
Bd3 41. Ne2 e4 42. Nc1 {dale necitelne, 73 tahu} 0-1

[Event "O pohár města Říčany 2017"]
[Site "Kulturni centrum Labut, 17. Listopadu 214 25101 Ricany"]
[Date "2017.09.01"]
[Round "8.18"]
[White "Bares, Jachym"]
[Black "Nemcova, Kamila"]
[Result "0-1"]
[WhiteElo "1989"]
[BlackElo "1908"]
[PlyCount "0"]
[EventDate "2017.08.26"]

1. e4 c5 2. Nf3 d6 3. d4 cxd4 4. Nxd4 Nf6 5. Nc3 a6 6. Be3 e5 7. Nb3 Be7 8. f3
Be6 9. Qd2 h5 10. Be2 Nbd7 11. Nd5 Bxd5 12. exd5 Rc8 13. Na5 Qc7 14. c4 e4
15. f4 Ng4 16. Bxg4 hxg4 17. b4 Bh4+ 18. Bf2 Bxf2+ 19. Qxf2 Nb6 20. O-O O-O
21. Qd4 Nxc4 22. Rac1 b5 23. f5 Rfe8 24. f6 g6 25. Nxc4 bxc4 26. Qe3 Kh7 27. Rf4
Qd8 28. Rcf1 Re5 29. Rxg4 Rh5 30. Qxe4 c3 31. Rh4 Rxh4 32. Qxh4+ Kg8 33. Qh6 Qf8
34. Qxf8+ Kxf8 35. Rc1 Rc4 36. a3 Ke8 37. Kf2 Rd4 38. Rxc3 Rxd5 39. Ke3 Rf5
40. Rc6 Rxf6 41. Rxa6 Re6+ 42. Kd3 f5 43. Ra7 f4 44. h3 Re3+ 45. Kd4 Re2 46. Rc7
Rxg2 47. Rc3 g5 48. b5 Rd2+ 49. Kc4 d5+ 50. Kc5 d4 51. Rb3 d3 52. b6 Rc2+
53. Kb5 d2 54. b7 d1=Q 55. b8=Q+ Kd7 56. Qe5 Qe2+ 57. Qxe2 Rxe2 58. Rd3+ Ke6
59. Kc4 Ra2 60. Rb3 Re2 61. Kd4 Kf6 62. Rf3 Kf5 63. Rb3 Re4+ 64. Kc5 Re3 65. Rb5
Rxh3 66. a4 f3 67. a5 f2 68. Rb1 Re3 69. Rf1 Re2 70. a6 Rc2+ 71. Kb6 Ke4 72. Ra1
Re2 0-1

[Event "O pohár města Říčany 2017"]
[Site "Kulturni centrum Labut, 17. Listopadu 214 25101 Ricany"]
[Date "2017.09.01"]
[Round "8.19"]
[White "Stanek, Ondrej"]
[Black "Postupa, Pavel"]
[Result "0-1"]
[WhiteElo "1885"]
[BlackElo "1984"]
[PlyCount "0"]
[EventDate "2017.08.26"]

1. e4 c5 2. c3 Nf6 3. e5 Nd5 4. d4 cxd4 5. cxd4 Nc6 6. Nc3 Nxc3 7. bxc3 d6
8. exd6 Qxd6 9. Nf3 g6 10. Bc4 Bg7 11. Qb3 Nd8 12. Ba3 Qb6 13. O-O Qxb3 14. axb3
Bd7 15. Rfe1 e6 16. Rac1 Bf8 17. Bb2 Bh6 18. Ra1 O-O 19. Ne5 Bc6 20. Bd3 Be8
21. Ng4 Bg5 22. Ba3 Bd2 23. Bxf8 Kxf8 24. Red1 Bxc3 25. Rac1 Bxd4 26. Be4 Bg7
27. Ne3 Nc6 28. Bxc6 Bxc6 29. Rd3 a5 30. Nc4 Ke7 31. Nb6 Ra6 32. Nc8+ Kf6 33. h3
Bh6 34. Ra1 Bd5 35. Rc3 Bf4 36. Rc5 Bd2 37. Rb5 Bb4 38. g3 Rc6 39. Nb6 Bf3
40. Nd7+ Kg7 41. Rxb7 e5 42. Nxe5 Rc3 43. Rb1 Bd5 44. Rd7 Be6 45. Ra7 Rxg3+
46. Kf1 Bxh3+ 47. Ke2 Bg4+ 48. f3 Rg2+ 49. Kf1 Bh3 50. Rxf7+ Kh6 51. Ng4+ Rxg4+
0-1

[Event "O pohár města Říčany 2017"]
[Site "Kulturni centrum Labut, 17. Listopadu 214 25101 Ricany"]
[Date "2017.09.01"]
[Round "8.20"]
[White "Skala, Jaromir"]
[Black "Nehyba, Martin"]
[Result "1/2-1/2"]
[WhiteElo "1942"]
[BlackElo "1875"]
[PlyCount "0"]
[EventDate "2017.08.26"]

1. d4 d5 2. Nf3 c6 3. Bf4 Nf6 4. e3 e6 5. Bd3 Be7 6. h3 O-O 7. O-O Nbd7 8. Nbd2
b6 9. e4 dxe4 10. Nxe4 Nxe4 11. Bxe4 Bb7 12. Ne5 Nxe5 13. dxe5 Qxd1 14. Rfxd1
Rfd8 15. Kf1 h6 16. Ke1 Kf8 17. Rxd8+ Rxd8 18. Be3 Ke8 19. Rd1 Rxd1+ 20. Kxd1
Kd8 21. Kd2 Kc7 22. c4 c5 23. Bxb7 Kxb7 24. Kd3 Kc6 25. f4 Kd7 26. Ke4 Bh4
27. g4 Ke7 28. f5 Kd7 29. b3 Ke7 30. f6+ Kf8 31. Kf3 g5 1/2-1/2

[Event "O pohár města Říčany 2017"]
[Site "Kulturni centrum Labut, 17. Listopadu 214 25101 Ricany"]
[Date "2017.09.01"]
[Round "8.21"]
[White "Otruba, Marek"]
[Black "Laurincova, Kristyna"]
[Result "1-0"]
[WhiteElo "1937"]
[BlackElo "1854"]
[PlyCount "0"]
[EventDate "2017.08.26"]

1. d4 Nf6 2. c4 c5 3. d5 e5 4. Nc3 d6 5. e4 Nbd7 6. Be2 Be7 7. f4 O-O 8. Nf3
exf4 9. Bxf4 Ng4 10. O-O f5 11. Nd2 Nge5 12. exf5 Rxf5 13. Qc2 Qf8 14. Bg3 Nb6
15. Bxe5 dxe5 16. Bd3 Rf4 17. Ne2 Rf6 18. Bxh7+ Kh8 19. Bd3 Qe8 20. Rxf6 gxf6
21. Ng3 Qg8 22. Rf1 Bg4 23. Bf5 Qg5 24. Bxg4 Qxg4 25. b3 Rg8 26. Nde4 Nd7
27. Nf5 Bf8 28. Kh1 b6 29. Rf3 Rg6 30. Rh3+ Kg8 31. Rf3 Kf7 32. h3 Qh5 33. Qd3
Bh6 34. d6 Rg4 35. Neg3 Rxg3 36. Rxg3 Bg5 37. Qd5+ 1-0